[Event "POL-chT3 Liga Slaska"]
[Site "Poland"]
[Date "2007.05.13"]
[Round "9"]
[White "Kapusta, Tadeusz"]
[Black "Twardon, Marian"]
[Result "0-1"]
[WhiteElo "2042"]
[BlackElo "2325"]
[PlyCount "58"]
[EventDate "2007.01.28"]
[EventType "team-swiss"]
[EventRounds "9"]
[EventCountry "POL"]
[SourceTitle "EXT 2011"]
[Source "ChessBase"]
[SourceDate "2010.11.26"]
[SourceVersion "1"]
[SourceVersionDate "2010.11.26"]
[SourceQuality "1"]
[WhiteTeam "Pszczyna PSSz"]
[BlackTeam "Szombierki TS"]
[WhiteTeamCountry "POL"]
[BlackTeamCountry "POL"]

1. e4 c5 2. c3 d5 3. exd5 Qxd5 4. d4 Nf6 5. Nf3 e6 6. Bd3 Nc6 7. 0-0 Be7 8. Be3 0-0 9. Qe2 Rd8 10. Rd1 Qh5 11. Nbd2 Nd5 12. a3 cxd4 13. cxd4 Bd6 14. Rac1 Bd7 15. Bc4 Nf4 16. Qf1 Na5 17. Ba2 Ba4 18. b3 Bb5 19. Nc4 Rac8 20. b4 Nxc4 21. Bxc4 Bxc4 22. Rxc4 Rxc4 23. Bxf4 Rcc8 24. Bxd6 Rxd6 25. Rc1 Rxc1 26. Qxc1 Qd5 27. h3 Rc6 28. Qe3 f6 29. a4 Rc4 0-1

[Event "POL-chT3 Liga Slaska"]
[Site "Poland"]
[Date "2007.03.18"]
[Round "5"]
[White "Twardon, Marian"]
[Black "Ziebinski, Bartosz"]
[Result "1-0"]
[WhiteElo "2325"]
[BlackElo "1866"]
[PlyCount "71"]
[EventDate "2007.01.28"]
[EventType "team-swiss"]
[EventRounds "9"]
[EventCountry "POL"]
[SourceTitle "EXT 2011"]
[Source "ChessBase"]
[SourceDate "2010.11.26"]
[SourceVersion "1"]
[SourceVersionDate "2010.11.26"]
[SourceQuality "1"]
[WhiteTeam "Szombierki TS"]
[BlackTeam "Czestochowa UKS Hetman"]
[WhiteTeamCountry "POL"]
[BlackTeamCountry "POL"]

1. d4 Nf6 2. c4 g6 3. Nc3 Bg7 4. e4 d6 5. Be2 0-0 6. Bg5 h6 7. Be3 Nbd7 8. Qd2 Kh7 9. f3 e5 10. d5 Nc5 11. g4 Ng8 12. h4 a6 13. h5 g5 14. b4 Nd7 15. Rc1 a5 16. a3 axb4 17. axb4 b6 18. Nh3 Bf6 19. 0-0 Bb7 20. Ra1 Be7 21. Nf2 Ngf6 22. Nh1 Ne8 23. Ng3 Ng7 24. Qb2 Rb8 25. Ra7 Nf6 26. Rfa1 Qd7 27. Kg2 Rg8 28. Qc2 Ngxh5 29. gxh5 g4 30. f4 Nxh5 31. Nxh5 g3 32. Rh1 exf4 33. Bxf4 Rg6 34. e5 dxe5 35. Bxe5 Rbg8 36. Rxb7 1-0

[Event "POL-chT 51st"]
[Site "Lubniewice"]
[Date "1995.09.??"]
[Round "3"]
[White "Przewoznik, Jan"]
[Black "Twardon, Marian"]
[Result "1/2-1/2"]
[WhiteElo "2390"]
[BlackElo "2355"]
[PlyCount "32"]
[EventDate "1995.09.14"]
[EventType "team-tourn"]
[EventRounds "11"]
[EventCountry "POL"]
[SourceTitle "EXT 2019"]
[Source "ChessBase"]
[SourceDate "2018.10.10"]
[SourceVersion "1"]
[SourceVersionDate "2018.10.10"]
[SourceQuality "1"]
[WhiteTeam "Gorzow Wielkopolski Stilon"]
[BlackTeam "Zabrze Gornik"]
[WhiteTeamCountry "POL"]
[BlackTeamCountry "POL"]

1. Nf3 d5 2. d4 Nf6 3. c4 dxc4 4. e3 e6 5. Bxc4 c5 6. dxc5 Bxc5 7. Qxd8+ Kxd8 8. a3 a6 9. b4 Bd6 10. Bb2 b5 11. Bd3 Bb7 12. Nbd2 Nbd7 13. Ke2 Ke7 14. Rac1 Rac8 15. h3 h6 16. Rhd1 Rhd8 1/2-1/2

[Event "POL-chT 51st"]
[Site "Lubniewice"]
[Date "1995.09.??"]
[Round "8"]
[White "Twardon, Marian"]
[Black "Cyborowski, Lukasz"]
[Result "0-1"]
[WhiteElo "2355"]
[BlackElo "2210"]
[PlyCount "76"]
[EventDate "1995.09.14"]
[EventType "team-tourn"]
[EventRounds "11"]
[EventCountry "POL"]
[SourceTitle "EXT 2019"]
[Source "ChessBase"]
[SourceDate "2018.10.10"]
[SourceVersion "1"]
[SourceVersionDate "2018.10.10"]
[SourceQuality "1"]
[WhiteTeam "Zabrze Gornik"]
[BlackTeam "Legnica Miedz"]
[WhiteTeamCountry "POL"]
[BlackTeamCountry "POL"]

1. d4 Nf6 2. c4 c5 3. d5 d6 4. Nc3 g6 5. e4 Bg7 6. Be2 0-0 7. Bg5 e6 8. Qd2 exd5 9. exd5 Bf5 10. Nf3 Re8 11. 0-0 Qb6 12. Nh4 Bc8 13. Bd3 Nbd7 14. Nf3 Nf8 15. h3 a6 16. Rab1 Qc7 17. Qf4 Nh5 18. Qh4 h6 19. Bxh6 Bxh6 20. g4 Nf4 21. Bxg6 Bg7 22. Bc2 N8g6 23. Bxg6 Nxg6 24. Qg5 Qe7 25. Rbe1 Ne5 26. Qe3 Qf6 27. Nxe5 Rxe5 28. Ne4 Qg6 29. Qd3 Bf5 30. Qg3 Bxe4 31. f4 Ree8 32. f5 Bd4+ 33. Kh2 Qf6 34. g5 Qe5 35. Rf4 Qxf4 36. Qxf4 Be5 37. Rxe4 Bxf4+ 38. Rxf4 Re3 0-1

[Event "POL-chT 51st"]
[Site "Lubniewice"]
[Date "1995.09.??"]
[Round "7"]
[White "Ziembinski, Marian"]
[Black "Twardon, Marian"]
[Result "1/2-1/2"]
[WhiteElo "2235"]
[BlackElo "2355"]
[PlyCount "105"]
[EventDate "1995.09.14"]
[EventType "team-tourn"]
[EventRounds "11"]
[EventCountry "POL"]
[SourceTitle "EXT 2019"]
[Source "ChessBase"]
[SourceDate "2018.10.10"]
[SourceVersion "1"]
[SourceVersionDate "2018.10.10"]
[SourceQuality "1"]
[WhiteTeam "Warszawa Maraton"]
[BlackTeam "Zabrze Gornik"]
[WhiteTeamCountry "POL"]
[BlackTeamCountry "POL"]

1. d4 g6 2. Nf3 Bg7 3. c4 d6 4. Nc3 Nd7 5. e4 e5 6. Be2 Nh6 7. 0-0 0-0 8. dxe5 dxe5 9. Be3 f6 10. Nd2 f5 11. f3 f4 12. Bf2 g5 13. c5 c6 14. Nc4 Nf7 15. Nd6 Nxd6 16. Qxd6 Rf6 17. Qd2 Bf8 18. Rfd1 Qe8 19. b4 Be7 20. Na4 Nf8 21. Nb2 Qh5 22. g4 Qh3 23. Kh1 h5 24. gxh5 Qxh5 25. Nd3 Rh6 26. Bg1 Ng6 27. Nf2 Rh7 28. Qc3 Kh8 29. Rd2 Qh6 30. Rad1 Be6 31. Bc4 Bxc4 32. Qxc4 Nh4 33. Ng4 Qg7 34. Qc3 Ng6 35. Bf2 Nf8 36. Qxe5 Qxe5 37. Nxe5 Bf6 38. Ng4 Bc3 39. Rd3 Bg7 40. Kg2 Re8 41. Rd8 Rxd8 42. Rxd8 Kg8 43. Re8 Bc3 44. Rd8 Rd7 45. Rc8 a6 46. h4 gxh4 47. Bxh4 Kg7 48. Rb8 Ne6 49. a3 Bb2 50. Be1 Ng5 51. Kf2 Bd4+ 52. Kg2 Bb2 53. Kf2 1/2-1/2

[Event "POL-chT 50th"]
[Site "Lubniewice"]
[Date "1994.??.??"]
[Round "8"]
[White "Pieniazek, Andrzej"]
[Black "Twardon, Marian"]
[Result "0-1"]
[WhiteElo "2240"]
[BlackElo "2340"]
[PlyCount "56"]
[EventDate "1994.09.22"]
[EventType "team-tourn"]
[EventRounds "11"]
[EventCountry "POL"]
[SourceTitle "EXT 2019"]
[Source "ChessBase"]
[SourceDate "2018.10.10"]
[SourceVersion "1"]
[SourceVersionDate "2018.10.10"]
[SourceQuality "1"]
[WhiteTeam "Glogow MOK Chrobry"]
[BlackTeam "Zabrze Gornik"]
[WhiteTeamCountry "POL"]
[BlackTeamCountry "POL"]

1. d4 Nf6 2. c4 c5 3. d5 b5 4. cxb5 a6 5. f3 axb5 6. e4 Qa5+ 7. Bd2 b4 8. Na3 d6 9. Nc4 Qa7 10. a3 g6 11. Bd3 Bg7 12. Ne2 Nfd7 13. 0-0 Na6 14. Kh1 Qb8 15. f4 0-0 16. Ng3 Nb6 17. Nxb6 Qxb6 18. e5 dxe5 19. f5 Bb7 20. Qg4 Bxd5 21. Ne4 c4 22. Bc2 b3 23. Bb1 Rad8 24. Bg5 f6 25. Bh4 g5 26. Bf2 Qc6 27. h4 h6 28. Be3 h5 0-1

[Event "POL-chT 50th"]
[Site "Lubniewice"]
[Date "1994.??.??"]
[Round "6"]
[White "Twardon, Marian"]
[Black "Zolnierowicz, Krzysztof"]
[Result "1/2-1/2"]
[WhiteElo "2340"]
[BlackElo "2360"]
[PlyCount "36"]
[EventDate "1994.09.22"]
[EventType "team-tourn"]
[EventRounds "11"]
[EventCountry "POL"]
[SourceTitle "EXT 2019"]
[Source "ChessBase"]
[SourceDate "2018.10.10"]
[SourceVersion "1"]
[SourceVersionDate "2018.10.10"]
[SourceQuality "1"]
[WhiteTeam "Zabrze Gornik"]
[BlackTeam "Swietochlowice Slask"]
[WhiteTeamCountry "POL"]
[BlackTeamCountry "POL"]

1. d4 Nf6 2. c4 e6 3. Nf3 Bb4+ 4. Nbd2 b6 5. e3 Bb7 6. Bd3 0-0 7. 0-0 d5 8. a3 Bxd2 9. Bxd2 Ne4 10. Qc2 Nd7 11. b4 c5 12. bxc5 bxc5 13. Rab1 Ba6 14. cxd5 Bxd3 15. Qxd3 exd5 16. dxc5 Ndxc5 17. Qb5 Nxd2 18. Nxd2 Ne4 1/2-1/2

[Event "POL-chT 49th"]
[Site "Lubniewice"]
[Date "1993.??.??"]
[Round "7"]
[White "Gizynski, Tomasz"]
[Black "Twardon, Marian"]
[Result "1/2-1/2"]
[WhiteElo "2350"]
[BlackElo "2370"]
[PlyCount "66"]
[EventDate "1993.09.23"]
[EventType "team-tourn"]
[EventRounds "11"]
[EventCountry "POL"]
[SourceTitle "EXT 2019"]
[Source "ChessBase"]
[SourceDate "2018.10.10"]
[SourceVersion "1"]
[SourceVersionDate "2018.10.10"]
[SourceQuality "1"]
[WhiteTeam "Bielsko-Biala Wlokniarz"]
[BlackTeam "Zabrze Gornik"]
[WhiteTeamCountry "POL"]
[BlackTeamCountry "POL"]

1. e4 c5 2. Nf3 d6 3. Bb5+ Nc6 4. 0-0 Bd7 5. Re1 a6 6. Bxc6 Bxc6 7. c3 Nf6 8. d4 Bxe4 9. Bg5 Bg6 10. Qb3 Qc7 11. Na3 0-0-0 12. Rad1 Be4 13. c4 Bxf3 14. Qxf3 h6 15. Bxf6 gxf6 16. dxc5 dxc5 17. Rxd8+ Qxd8 18. Qh5 Rg8 19. Rd1 Qe8 20. Qxc5+ Qc6 21. Qxc6+ bxc6 22. Nc2 e6 23. Rd3 Rg4 24. b3 a5 25. g3 Bc5 26. Kg2 Kc7 27. Kf3 f5 28. h3 Rg8 29. g4 fxg4+ 30. hxg4 h5 31. gxh5 Rg5 32. Ke2 Rxh5 33. a3 Rh2 1/2-1/2

[Event "Katowice Fibak op"]
[Site "Katowice"]
[Date "1993.??.??"]
[Round "6"]
[White "Twardon, Marian"]
[Black "Jasnikowski, Zbigniew"]
[Result "1-0"]
[WhiteElo "2355"]
[BlackElo "2460"]
[PlyCount "41"]
[EventDate "1993.01.??"]
[EventType "swiss"]
[EventRounds "9"]
[EventCountry "POL"]
[SourceTitle "EXT 1998"]
[Source "ChessBase"]
[SourceDate "1997.11.17"]
[SourceVersion "1"]
[SourceVersionDate "1997.11.17"]
[SourceQuality "1"]

1. d4 Nf6 2. c4 g6 3. Nc3 d5 4. cxd5 Nxd5 5. e4 Nxc3 6. bxc3 Bg7 7. Qa4+ Nd7 8. Nf3 c5 9. Be3 0-0 10. Rc1 a6 11. Qa3 b6 12. e5 Bb7 13. h4 b5 14. h5 e6 15. hxg6 hxg6 16. Ng5 Rc8 17. f4 cxd4 18. cxd4 Rxc1+ 19. Bxc1 Qb6 20. Rh8+ Bxh8 21. Qh3 1-0

[Event "Katowice Fibak op"]
[Site "Katowice"]
[Date "1993.??.??"]
[Round "4"]
[White "Twardon, Marian"]
[Black "Mukhtarov, Leonid"]
[Result "1-0"]
[WhiteElo "2355"]
[BlackElo "2180"]
[PlyCount "77"]
[EventDate "1993.01.??"]
[EventType "swiss"]
[EventRounds "9"]
[EventCountry "POL"]
[SourceTitle "EXT 1998"]
[Source "ChessBase"]
[SourceDate "1997.11.17"]
[SourceVersion "1"]
[SourceVersionDate "1997.11.17"]
[SourceQuality "1"]

1. d4 Nf6 2. c4 e6 3. Nf3 c5 4. d5 exd5 5. cxd5 g6 6. Nc3 Bg7 7. Bf4 d6 8. Qa4+ Bd7 9. Qb3 Qc7 10. e4 0-0 11. Nd2 Nh5 12. Be3 f5 13. exf5 gxf5 14. Be2 f4 15. Bxc5 Qxc5 16. Bxh5 Na6 17. 0-0 b5 18. Rfe1 Rac8 19. Re7 Rc7 20. Rae1 Qb6 21. Qd1 Nc5 22. Bg4 Nd3 23. Qe2 Bxg4 24. Qxd3 b4 25. Rxc7 Qxc7 26. Nce4 Bxb2 27. Nc4 Bc3 28. Nxc3 bxc3 29. Qxc3 Rc8 30. Qf6 Qxc4 31. Qg5+ Kh8 32. Qxg4 Rf8 33. Qe6 Qxa2 34. Qxd6 Kg8 35. Qe6+ Kh8 36. Qe7 Kg8 37. d6 f3 38. d7 fxg2 39. Qxf8+ 1-0

[Event "Wisla BES op"]
[Site "Wisla"]
[Date "1992.??.??"]
[Round "5"]
[White "Kiselev, Sergey"]
[Black "Twardon, Marian"]
[Result "1-0"]
[WhiteElo "2540"]
[BlackElo "2345"]
[PlyCount "89"]
[EventDate "1992.??.??"]
[EventType "swiss"]
[EventRounds "9"]
[EventCountry "POL"]
[SourceTitle "TD"]
[Source "ChessBase"]
[SourceDate "1994.03.01"]
[SourceVersion "1"]
[SourceVersionDate "1994.03.01"]
[SourceQuality "1"]

1. d4 d5 2. c4 dxc4 3. e3 Nf6 4. Bxc4 e6 5. Nf3 c5 6. 0-0 a6 7. a4 Nc6 8. Qe2 cxd4 9. Rd1 Be7 10. exd4 0-0 11. Nc3 Nd5 12. Qe4 Nf6 13. Qf4 Nd5 14. Qe4 Nf6 15. Qe2 Nd5 16. Be3 Ncb4 17. Ne5 Bd7 18. Nxd5 exd5 19. Bb3 Bf5 20. Rac1 f6 21. Nf3 Bd6 22. Nh4 Qd7 23. Nxf5 Qxf5 24. Rc3 Rfe8 25. g3 Re4 26. Kg2 Rae8 27. Qf3 Qe6 28. Rcc1 f5 29. Bd2 Nc6 30. Bc3 Nd8 31. Bc2 f4 32. Re1 Nf7 33. gxf4 Qf5 34. Bd2 g5 35. Bxe4 dxe4 36. Qh5 Re6 37. h3 Rg6 38. Kf1 Bxf4 39. Bxf4 Qxf4 40. Qg4 Qd2 41. Qxe4 Rf6 42. Qe3 Qxb2 43. Rb1 Qa2 44. Rxb7 Kg7 45. Qxg5+ 1-0

[Event "Naleczow op"]
[Site "Naleczow"]
[Date "1989.??.??"]
[Round "?"]
[White "Matlak, Marek"]
[Black "Twardon, Marian"]
[Result "1/2-1/2"]
[WhiteElo "2420"]
[BlackElo "2295"]
[PlyCount "54"]
[EventDate "1989.??.??"]
[EventType "swiss"]
[EventRounds "11"]
[EventCountry "POL"]
[SourceTitle "EXT 1997"]
[Source "ChessBase"]
[SourceDate "1996.11.15"]
[SourceVersion "1"]
[SourceVersionDate "1996.11.15"]
[SourceQuality "1"]

1. d4 Nf6 2. Nf3 c5 3. d5 g6 4. c4 d6 5. Nc3 Bg7 6. e4 0-0 7. h3 b5 8. cxb5 a6 9. a4 axb5 10. Bxb5 Ba6 11. Be3 Qa5 12. 0-0 Nbd7 13. Ra3 Bxb5 14. axb5 Qb4 15. Rb3 Qa5 16. Qc2 Rfb8 17. Ra3 Qd8 18. Rfa1 Ne8 19. Rxa8 Rxa8 20. Rxa8 Qxa8 21. Qa4 Qb8 22. Nd2 Nc7 23. Ndb1 Nb6 24. Qb3 Qa8 25. Qa3 Qb8 26. Qb3 Qa8 27. Qa3 Qb8 1/2-1/2

[Event "POL-ch 45th"]
[Site "Lublin"]
[Date "1988.??.??"]
[Round "11"]
[White "Borkowski, Franciszek"]
[Black "Twardon, Marian"]
[Result "1-0"]
[WhiteElo "2415"]
[BlackElo "2350"]
[PlyCount "111"]
[EventDate "1988.02.27"]
[EventType "tourn"]
[EventRounds "15"]
[EventCountry "POL"]
[EventCategory "7"]
[SourceTitle "EXT 1997"]
[Source "ChessBase"]
[SourceDate "1996.11.15"]
[SourceVersion "1"]
[SourceVersionDate "1996.11.15"]
[SourceQuality "1"]

1. e4 e5 2. Nf3 Nc6 3. Bb5 a6 4. Ba4 Nf6 5. 0-0 Be7 6. Re1 b5 7. Bb3 d6 8. c3 0-0 9. h3 Bb7 10. d4 Re8 11. Nbd2 Bf8 12. a3 Qd7 13. Bc2 Rad8 14. d5 Ne7 15. b3 c6 16. c4 Qc7 17. Nf1 cxd5 18. cxd5 Rc8 19. Ne3 g6 20. Bd2 Bg7 21. a4 Ra8 22. Rc1 Qd7 23. Kh2 Nh5 24. Bd3 Nf4 25. Ba5 Rec8 26. Rxc8+ Rxc8 27. axb5 Nxd3 28. Qxd3 axb5 29. Ng1 f5 30. f3 Bh6 31. Bb4 f4 32. Nd1 Bf8 33. Nc3 Ba6 34. Ra1 Ra8 35. Ra5 Nc8 36. Qd2 Be7 37. g3 fxg3+ 38. Kxg3 Bd8 39. Ra2 Bb6 40. Nce2 Bb7 41. Rxa8 Bxa8 42. Kg2 Bb7 43. Qg5 Qd8 44. Qxd8+ Bxd8 45. f4 exf4 46. Nxf4 Kf7 47. Nf3 Bf6 48. Ne6 h6 49. Nc7 Be7 50. Nd4 Bf6 51. Ndxb5 Ke7 52. Na3 Kd7 53. Ne6 Be7 54. Nc4 Ba6 55. Ba5 Na7 56. Nb6+ 1-0

[Event "POL-ch 45th"]
[Site "Lublin"]
[Date "1988.??.??"]
[Round "13"]
[White "Matlak, Marek"]
[Black "Twardon, Marian"]
[Result "1/2-1/2"]
[WhiteElo "2410"]
[BlackElo "2350"]
[PlyCount "35"]
[EventDate "1988.02.27"]
[EventType "tourn"]
[EventRounds "15"]
[EventCountry "POL"]
[EventCategory "7"]
[SourceTitle "EXT 1997"]
[Source "ChessBase"]
[SourceDate "1996.11.15"]
[SourceVersion "1"]
[SourceVersionDate "1996.11.15"]
[SourceQuality "1"]

1. d4 d5 2. Nf3 Nf6 3. c4 dxc4 4. e3 e6 5. Bxc4 c5 6. 0-0 a6 7. dxc5 Bxc5 8. Qxd8+ Kxd8 9. a3 Ke7 10. b4 Bd6 11. Bb2 b5 12. Be2 Bb7 13. Nbd2 Nbd7 14. Nb3 Rhc8 15. Rfc1 Bd5 16. Na5 e5 17. Kf1 h6 18. Ke1 1/2-1/2

[Event "POL-ch 45th"]
[Site "Lublin"]
[Date "1988.??.??"]
[Round "9"]
[White "Szopka, Dariusz"]
[Black "Twardon, Marian"]
[Result "1-0"]
[WhiteElo "2295"]
[BlackElo "2350"]
[PlyCount "37"]
[EventDate "1988.02.27"]
[EventType "tourn"]
[EventRounds "15"]
[EventCountry "POL"]
[EventCategory "7"]
[SourceTitle "EXT 1997"]
[Source "ChessBase"]
[SourceDate "1996.11.15"]
[SourceVersion "1"]
[SourceVersionDate "1996.11.15"]
[SourceQuality "1"]

1. e4 e5 2. Nf3 Nc6 3. d4 exd4 4. Nxd4 Bc5 5. Be3 Qf6 6. c3 Nge7 7. Qd2 a6 8. f4 Bxd4 9. cxd4 d5 10. Nc3 dxe4 11. d5 Nb8 12. 0-0-0 Bf5 13. g4 Bxg4 14. Nxe4 Qg6 15. Bd3 Bxd1 16. Rxd1 f5 17. Nc5 Nd7 18. Ne6 Nxd5 19. Bxf5 1-0

[Event "POL-ch 45th"]
[Site "Lublin"]
[Date "1988.??.??"]
[Round "8"]
[White "Twardon, Marian"]
[Black "Jasnikowski, Zbigniew"]
[Result "0-1"]
[WhiteElo "2350"]
[BlackElo "2445"]
[PlyCount "76"]
[EventDate "1988.02.27"]
[EventType "tourn"]
[EventRounds "15"]
[EventCountry "POL"]
[EventCategory "7"]
[SourceTitle "EXT 1997"]
[Source "ChessBase"]
[SourceDate "1996.11.15"]
[SourceVersion "1"]
[SourceVersionDate "1996.11.15"]
[SourceQuality "1"]

1. d4 Nf6 2. c4 g6 3. Nc3 d5 4. cxd5 Nxd5 5. e4 Nxc3 6. bxc3 Bg7 7. Bc4 c5 8. Ne2 0-0 9. 0-0 Nc6 10. Be3 Qc7 11. Rc1 Rd8 12. Bf4 Qd7 13. d5 Na5 14. Bd3 b5 15. Rb1 a6 16. a4 bxa4 17. c4 Nb3 18. Bc2 a5 19. Bxb3 axb3 20. Qxb3 a4 21. Qa3 Ba6 22. Rfc1 e6 23. Be3 exd5 24. exd5 Rab8 25. Qa2 Rdc8 26. Nc3 Rb4 27. Rxb4 cxb4 28. Nxa4 Rxc4 29. Rxc4 Bxc4 30. Qxc4 Qxa4 31. h3 Qa1+ 32. Kh2 Qc3 33. Qb5 Be5+ 34. g3 Kg7 35. Bc5 b3 36. Qe8 Bxg3+ 37. fxg3 Qxc5 38. Qe5+ f6 0-1

[Event "POL-ch 45th"]
[Site "Lublin"]
[Date "1988.??.??"]
[Round "10"]
[White "Twardon, Marian"]
[Black "Tomaszewski, Roman"]
[Result "0-1"]
[WhiteElo "2350"]
[BlackElo "2370"]
[PlyCount "79"]
[EventDate "1988.02.27"]
[EventType "tourn"]
[EventRounds "15"]
[EventCountry "POL"]
[EventCategory "7"]
[SourceTitle "EXT 1997"]
[Source "ChessBase"]
[SourceDate "1996.11.15"]
[SourceVersion "1"]
[SourceVersionDate "1996.11.15"]
[SourceQuality "1"]

1. d4 Nf6 2. c4 c5 3. d5 e5 4. Nc3 d6 5. e4 Be7 6. Bd3 0-0 7. Nge2 Na6 8. h3 Ne8 9. 0-0 Bg5 10. a3 Bd7 11. Rb1 b6 12. Bc2 Bxc1 13. Qxc1 g6 14. Qe3 Ng7 15. Rbe1 Qe7 16. f4 exf4 17. Nxf4 f6 18. Nd3 Nc7 19. b4 Rab8 20. Qf4 Na6 21. Rb1 Rbc8 22. Bb3 Kh8 23. Ba2 Rce8 24. Rfe1 Rd8 25. Rb2 Rc8 26. Rf2 g5 27. Qf3 Be8 28. g4 Nb8 29. e5 dxe5 30. Rxe5 Qd8 31. Re1 Bg6 32. bxc5 bxc5 33. Ne4 Nd7 34. Nd6 Rb8 35. Nf5 Nxf5 36. gxf5 Bf7 37. Rfe2 Qa5 38. Qg3 Qxa3 39. Re7 Rbd8 40. Qe3 0-1

[Event "POL-ch sf"]
[Site "Gdynia"]
[Date "1987.??.??"]
[Round "3"]
[White "Czerwonski, Aleksander"]
[Black "Twardon, Marian"]
[Result "1/2-1/2"]
[WhiteElo "2315"]
[BlackElo "2330"]
[PlyCount "25"]
[EventDate "1987.??.??"]
[EventType "swiss"]
[EventRounds "13"]
[EventCountry "POL"]
[SourceTitle "EXT 1998"]
[Source "ChessBase"]
[SourceDate "1997.11.17"]
[SourceVersion "1"]
[SourceVersionDate "1997.11.17"]
[SourceQuality "1"]

1. d4 Nf6 2. c4 e6 3. Nf3 c5 4. d5 exd5 5. cxd5 d6 6. Nc3 g6 7. Bg5 Bg7 8. e3 h6 9. Bh4 g5 10. Bg3 Nh5 11. Qa4+ Bd7 12. Qe4+ Qe7 13. Qxe7+ 1/2-1/2

[Event "POL-ch sf"]
[Site "Gdynia"]
[Date "1987.??.??"]
[Round "7"]
[White "Twardon, Marian"]
[Black "Borkowski, Franciszek"]
[Result "1/2-1/2"]
[WhiteElo "2330"]
[BlackElo "2450"]
[PlyCount "26"]
[EventDate "1987.??.??"]
[EventType "swiss"]
[EventRounds "13"]
[EventCountry "POL"]
[SourceTitle "EXT 1998"]
[Source "ChessBase"]
[SourceDate "1997.11.17"]
[SourceVersion "1"]
[SourceVersionDate "1997.11.17"]
[SourceQuality "1"]

1. d4 d5 2. c4 c6 3. Nf3 Nf6 4. e3 g6 5. Nc3 Bg7 6. Be2 0-0 7. 0-0 Nbd7 8. cxd5 cxd5 9. Qb3 e6 10. Bd2 Nb8 11. Rfc1 Nc6 12. Na4 Ne4 13. Be1 f5 1/2-1/2

[Event "POL-chT 43rd"]
[Site "Jachranka"]
[Date "1987.??.??"]
[Round "6"]
[White "Twardon, Marian"]
[Black "Krainski, Aleksander"]
[Result "1-0"]
[WhiteElo "2340"]
[BlackElo "2270"]
[PlyCount "87"]
[EventDate "1987.09.23"]
[EventType "team-tourn"]
[EventRounds "11"]
[EventCountry "POL"]
[SourceTitle "EXT 2019"]
[Source "ChessBase"]
[SourceDate "2018.10.10"]
[SourceVersion "1"]
[SourceVersionDate "2018.10.10"]
[SourceQuality "1"]
[WhiteTeam "Myslowice Gornik 09"]
[BlackTeam "Bydgoszcz Chemik"]
[WhiteTeamCountry "POL"]
[BlackTeamCountry "POL"]

1. d4 d5 2. c4 e6 3. Nf3 Nf6 4. Nc3 Be7 5. Bg5 0-0 6. e3 Nbd7 7. Qc2 c5 8. Rd1 Qa5 9. cxd5 Nxd5 10. Bxe7 Nxe7 11. Bd3 Nf6 12. dxc5 Ned5 13. 0-0 Nxc3 14. Qxc3 Qxc3 15. bxc3 Nd7 16. c6 bxc6 17. Be4 Nc5 18. Bxc6 Rb8 19. Rb1 Ba6 20. Rfd1 Be2 21. Re1 Bc4 22. Rb4 Rxb4 23. cxb4 Nd3 24. Rd1 Nxb4 25. Rd4 Nxc6 26. Rxc4 Rb8 27. g3 Nb4 28. a3 Nd5 29. e4 Nf6 30. Ne5 Ne8 31. Ra4 Ra8 32. Ra6 Nc7 33. Rc6 Ne8 34. a4 f6 35. Nc4 e5 36. f4 exf4 37. gxf4 Rb8 38. Kf2 Rb4 39. a5 Kf7 40. Kf3 Ke7 41. Ne3 Kd7 42. Ra6 Nc7 43. Rxa7 Kc6 44. Rxc7+ 1-0

[Event "POL-chT 43rd"]
[Site "Jachranka"]
[Date "1987.??.??"]
[Round "8"]
[White "Twardon, Marian"]
[Black "Semczuk, Jerzy"]
[Result "1-0"]
[WhiteElo "2340"]
[BlackElo "2235"]
[PlyCount "51"]
[EventDate "1987.09.23"]
[EventType "team-tourn"]
[EventRounds "11"]
[EventCountry "POL"]
[SourceTitle "EXT 2019"]
[Source "ChessBase"]
[SourceDate "2018.10.10"]
[SourceVersion "1"]
[SourceVersionDate "2018.10.10"]
[SourceQuality "1"]
[WhiteTeam "Myslowice Gornik 09"]
[BlackTeam "Swidnik Avia"]
[WhiteTeamCountry "POL"]
[BlackTeamCountry "POL"]

1. d4 Nf6 2. c4 e6 3. Nf3 d5 4. Nc3 Bb4 5. cxd5 exd5 6. Bg5 h6 7. Bxf6 Qxf6 8. Qb3 Nc6 9. e3 Qd6 10. Bb5 0-0 11. 0-0 Ne7 12. Bd3 Bxc3 13. bxc3 Bf5 14. Bxf5 Nxf5 15. Rab1 b6 16. c4 c6 17. Rfc1 Rfc8 18. a4 Qe6 19. Ne5 Nd6 20. h3 f6 21. cxd5 cxd5 22. Ng6 Rc4 23. Rxc4 dxc4 24. Qb4 Rc8 25. Rc1 Rc6 26. d5 1-0

[Event "POL-chT 43rd"]
[Site "Jachranka"]
[Date "1987.??.??"]
[Round "3"]
[White "Twardon, Marian"]
[Black "Swic, Waldemar"]
[Result "0-1"]
[WhiteElo "2340"]
[BlackElo "2310"]
[PlyCount "74"]
[EventDate "1987.09.23"]
[EventType "team-tourn"]
[EventRounds "11"]
[EventCountry "POL"]
[SourceTitle "EXT 2019"]
[Source "ChessBase"]
[SourceDate "2018.10.10"]
[SourceVersion "1"]
[SourceVersionDate "2018.10.10"]
[SourceQuality "1"]
[WhiteTeam "Myslowice Gornik 09"]
[BlackTeam "Lodz Anilana"]
[WhiteTeamCountry "POL"]
[BlackTeamCountry "POL"]

1. d4 Nf6 2. c4 g6 3. Nc3 d5 4. Nf3 Bg7 5. Qb3 dxc4 6. Qxc4 0-0 7. e4 a6 8. Qb3 b5 9. e5 Ng4 10. h3 Nh6 11. Bf4 c5 12. dxc5 Nc6 13. Qd5 Bb7 14. Qxd8 Rfxd8 15. Be2 Nf5 16. 0-0 Nfd4 17. Nxd4 Nxd4 18. b4 Nc2 19. Rac1 Nxb4 20. a4 Nd3 21. Bxd3 Rxd3 22. axb5 axb5 23. Nxb5 Bc6 24. Nc3 h6 25. Rfd1 Rad8 26. Rxd3 Rxd3 27. h4 g5 28. hxg5 hxg5 29. Bxg5 Bxe5 30. Na2 Rd4 31. Bxe7 Rg4 32. g3 Bd4 33. Kf1 Re4 34. Bg5 Bb5+ 35. Kg1 Re2 36. c6 Rxf2 37. c7 Rc2+ 0-1